000 00640nam a2200229Ia 4500
003 OSt
005 20220928102335.0
006 a|||||r|||| 00| 0
007 ta
008 220927b |||||||| |||| 00| 0 eng d
024 _a44635
037 _cTextual
040 _aSDCL
_cSDCL
_beng
041 _2eng
_aeng
082 _aO152,1J48x, K4
100 _aMishr Vishwanath Parsad Ed.
_9397800
245 0 _aRaskhani
_bgranthavali.
260 _aVaranasi
_bVaarni-Vitaan Prakashan
_c1964
300 _a154p.
_ccm.
942 _hO152,1J48x, K4
_cTEXL
_2CC
999 _c713613
_d713613